Statistics for Guess the capital city by the country's flag EXTENDED

Click here to take the quiz!

General Stats

  • This quiz has been taken 44 times
  • The average score is 51 of 80

Answer Stats

Answer% Correct
Washington DC
100%
Berlin
95%
London
92%
Moscow
87%
Helsinki
84%
Lisbon
82%
Ottawa
82%
Tokyo
82%
Athens
79%
Beijing
79%
Brasília
79%
Canberra
79%
New Delhi
76%
Paris
76%
Kiev
74%
Madrid
74%
Brussels
71%
Buenos Aires
71%
Dublin
71%
Rome
71%
Seoul
71%
Stockholm
71%
Cairo
68%
Oslo
68%
Prague
68%
Rabat
68%
Vienna
68%
Warsaw
68%
Bangkok
66%
Bern
66%
Bratislava
66%
Budapest
66%
Jerusalem
66%
Pyongyang
66%
Riyadh
66%
Amsterdam
63%
Copenhagen
63%
Minsk
63%
Reykjavík
63%
San Salvador
63%
Wellington
63%
Zagreb
63%
Beirut
61%
Dhaka
61%
Riga
61%
Santiago
61%
Bucharest
58%
Kingston
58%
Ljubljana
58%
Nicosia
58%
Pristina
58%
Quito
58%
Sarajevo
58%
Sofia
58%
Tbilisi
58%
Jakarta
55%
Nur-Sultan
55%
Port Moresby
55%
Vilnius
55%
Belgrade
53%
Chișinău
53%
Hanoi
53%
Skopje
53%
Taipei
53%
Vaduz
53%
Valletta
53%
Abuja
50%
Kampala
50%
Nassau
50%
Podgorica
50%
Tripoli
50%
Ulaanbaatar
50%
Yerevan
50%
Abu Dhabi
47%
Vientiane
47%
Antananarivo
45%
Ouagadougou
45%
Suva
45%
Nuku'alofa
37%
Port-Au-Prince
37%

Score Distribution

Percentile by Number Answered

Percent of People with Each Score

Your Score History

You have not taken this quiz